| 000 | 00870nam a2200229 i 4500 | ||
|---|---|---|---|
| 003 | EG-ScBUE | ||
| 005 | 20240714102642.0 | ||
| 008 | 090818s1982 le f 000 0 ara d | ||
| 040 |
_aEG-ScBUE _bara _erda _cEG-ScBUE _dEG-ScBUE |
||
| 082 | 0 | 4 |
_222 _a953.202 _bث و ر |
| 245 | 0 | 0 |
_aثورة 1948 : _bالميلاد والمسيرة والمؤثرات / _cإعداد مركز الدراسات والبحوث اليمني. |
| 250 | _aالطبعة الأولى. | ||
| 264 | 1 |
_aبيروت : _bدار العودة، _c1982. |
|
| 300 |
_a632 صفحة ؛ _c26 سم |
||
| 336 |
_2rdacontent _aنص _btxt |
||
| 337 |
_aبدون وسيط _2rdamedia _bn |
||
| 338 |
_aمجلد _bnc _2rdacarrier |
||
| 651 | 7 |
_98529 _aاليمن _xتاريخ _yالعصر الحديث. _2BUEsh |
|
| 651 | 7 |
_aاليمن _xتاريخ _xالثورات. _2BUEsh |
|
| 655 | _vReading book | ||
| 942 |
_2ddc _cBB |
||
| 999 |
_c12620 _d12620 |
||